Catálogo
 En Linea

Contribución a la historia del periodismo margariteño / (Registro nro. 10147)

Detalles MARC
000 -CABECERA
campo de control de longitud fija 00670cam a2200193 a 4500
001 - NÚMERO DE CONTROL
campo de control 000010388
005 - FECHA Y HORA DE LA ÚLTIMA TRANSACCIÓN
campo de control 20200929162227.0
008 - DATOS DE LONGITUD FIJA--INFORMACIÓN GENERAL
campo de control de longitud fija 741028s1970 ve a 001 0 spa
040 ## - FUENTE DE LA CATALOGACIÓN
Centro catalogador/agencia de origen DO-SdBNP
Lengua de catalogación spa
Centro/agencia transcriptor LC
Centro/agencia modificador BNPHU
082 ## - NÚMERO DE LA CLASIFICACIÓN DECIMAL DEWEY
Número de clasificación 079.87
Número de documento/Ítem S941c
049 ## - FONDOS LOCALES (OCLC)
Fondos de biblioteca BNGR
100 1# - ENTRADA PRINCIPAL--NOMBRE DE PERSONA
Nombre de persona Subero, Jesús Manuel,
Fechas asociadas al nombre 1922-
9 (RLIN) 25403
245 10 - MENCIÓN DE TÍTULO
Título Contribución a la historia del periodismo margariteño /
Mención de responsabilidad, etc. Jesús Manuel Subero.
260 ## - PUBLICACIÓN, DISTRIBUCIÓN, ETC.
Lugar de publicación, distribución, etc. Caracas :
Nombre del editor, distribuidor, etc. Presidencia de la República,
Fecha de publicación, distribución, etc. 1970.
300 ## - DESCRIPCIÓN FÍSICA
Extensión 343 p. :
Otras características físicas il. ;
Dimensiones 23 cm.
650 #4 - PUNTO DE ACCESO ADICIONAL DE MATERIA--TÉRMINO DE MATERIA
Término de materia o nombre geográfico como elemento de entrada Periodismo
Subdivisión geográfica Margarita (Isla, Venezuela{Rpara}
Subdivisión general Historia
9 (RLIN) 25404
650 #4 - PUNTO DE ACCESO ADICIONAL DE MATERIA--TÉRMINO DE MATERIA
Término de materia o nombre geográfico como elemento de entrada Prensa
Subdivisión geográfica Venezuela
9 (RLIN) 25405
910 ## - DATOS DE OPCIÓN DEL USUARIO (OCLC)
Datos de opción del usuario Catalogación por copia / LC
Existencias
Estado de retiro Estado de pérdida Restricciones de uso No para préstamo Código de colección Localización permanente Ubicación/localización actual Ubicación en estantería Fecha de adquisición Número de inventario Total de préstamos Signatura topográfica completa Código de barras Fecha visto por última vez Precio válido a partir de Tipo de ítem Koha
    Préstamo interno   Monografías: Libros y Folletos General General En catalogación 06.10.2009 LF1   079.87 S941c 10388-10 25.06.2020 25.06.2020 Préstamo interno

Con tecnología Koha